| 000 | 00582nam a22001817a 4500 | ||
|---|---|---|---|
| 003 | AM-YeHGA | ||
| 005 | 20250617153945.0 | ||
| 008 | 180328s xxu||||| |||| 00| 0 rus d | ||
| 040 | _aAM-YeHGA | ||
| 041 | 0 | _arus | |
| 100 | 1 |
_aГорький, Максим, _d1868-1936 _qПешков, Алексей Максимович |
|
| 245 | 1 | 0 |
_aМать / _cМ. Горький. |
| 260 |
_aМосква : _bГослитиздат, _c1938. |
||
| 300 | _a216 с., 12 вкл. л. ил. | ||
| 650 | 1 | 4 |
_aРусская литература _y19-20 вв. |
| 942 |
_2udc _cBK |
||
| 090 | _c403714 | ||
| 999 |
_c401504 _d401504 |
||